Statistics for Top 10 France National Football Team Goalscorers

Click here to take the quiz!

General Stats

  • This quiz has been taken 119 times
  • The average score is 8 of 10

Answer Stats

RankPlayerGoalsCapsAvarageCareer% Correct
6Kylian Mbappé36610.542017–
98%
1Olivier Giroud531160.462011–
97%
3Antoine Griezmann421080.392014–
92%
2Thierry Henry511230.411997–2010
92%
5Karim Benzema37970.382007–2022
84%
8Zinedine Zidane311060.291994–2006
83%
4Michel Platini41720.571976–1987
78%
9Just Fontaine30211.431953–1960
65%
7David Trezeguet34710.481998–2008
64%
10Jean-Pierre Papin30540.561986–1995
42%

Score Distribution

Percentile by Number Answered

Percent of People with Each Score

Your Score History

You have not taken this quiz